| 000 | 00371nam a2200169Ia 4500 | ||
|---|---|---|---|
| 003 | 0100 | ||
| 008 | 130303s9999 xx 000 0 und d | ||
| 040 | _cARRUPELIB | ||
| 050 | _aJC578.R38 1999 | ||
| 100 | _aRawls, John | ||
| 245 | 2 | _aA theory of justice | |
| 260 | _aAmerica | ||
| 260 | _bCambridge, Masschusetts | ||
| 260 | _C1971 | ||
| 300 | _a607p | ||
| 942 | 0 | 0 | _014 |
| 999 |
_c33120 _d33120 |
||